| 000 | 00761nam a2200241 a 4500 | ||
|---|---|---|---|
| 001 | 3116 | ||
| 003 | CDMR | ||
| 005 | 20131113123601.0 | ||
| 008 | 130130s2000||||sp |||||||||||||||||spa|d | ||
| 020 | _a8495122308 | ||
| 040 |
_aCDMR _bcat _cCPC LLEIDA |
||
| 245 | 1 | 0 |
_aPeriodistas, hoy _c[José Aguilar, ...[et al.] ; prólogo de Benito Caetano Guerrero] |
| 260 |
_aSevilla _bFederación Andaluza de Asociaciones de Prensa |
||
| 260 |
_bSignatura _c2000 |
||
| 300 | _a140 p. | ||
| 490 | 0 | _aTextos de Premsa | |
| 650 | 0 | 4 |
_93208 _aPeriodisme _xDret i legislació |
| 650 | 0 | 4 |
_92030 _aPeriodisme _xOrientació professional |
| 650 | 0 | 4 |
_93792 _aMercat de treball |
| 700 | 1 |
_92275 _aAguilar, José |
|
| 700 | 1 |
_93631 _aCaetano Guerrero, Benito _epr. |
|
| 942 |
_cMON _2udc |
||
| 999 |
_c3116 _d3116 |
||